00374pab a2200133 454500008004000000100001900040245006000059260000900119300001100128362000800139650002700147700001900174773004700193180718b1987 xxu||||| |||| 00| 0 eng d aFeder, Gershon aLand ownership security and farm investment in Thailand c1987 a311-20 aMay aLand Tenure - Thailand aTongroj Onchan aAmerican Journal of Agricultural Economics